Missing Word: 1994 Movies Quiz Stats

 Plays Quiz Updated Oct 2, 2012

Support Sporcle.
Go Orange.
Score 0/20 Timer 04:00
0 Plays Today
Hint Answer % Correct
_____ GumpForrest
98.8%
Dumb and _____Dumber
98.8%
The Shawshank _____Redemption
97.7%
_____ FictionPulp
95.8%
Ace _____: Pet DetectiveVentura
95%
Four _____ and a FuneralWeddings
91.3%
_____ Born KillersNatural
87.6%
The _____ ClauseSanta
86.9%
Richie _____Rich
85.2%
It _____ Happen To YouCould
81.3%
Hint Answer % Correct
_____ and Present DangerClear
77.5%
_____ LiesTrue
75.1%
The _____ KingLion
72.3%
_____ with the Vampire: The Vampire ChroniclesInterview
63.1%
_____ of the FallLegends
56.2%
Bullets Over _____Broadway
41.3%
Terminal _____Velocity
37.8%
The River _____Wild
30.9%
Star Trek _____Generations
21.2%
_____ WillIron
11.7%

Today's Daily Dose

You're not logged in!

Compare scores with friends on all Sporcle quizzes.
OR
Log In

From the Vault

States by Last Letter

by triviahappy

You might feel overconfident until you get to K.
Remove Ads.
Support Sporcle.
Get the best of Sporcle when you Go Orange. This ad-free experience offers more features, more stats, and more fun while also helping to support Sporcle. Thank you for becoming a member.

Show Comments

Extras

Top Quizzes Today


Score Distribution

Your Account Isn't Verified!

In order to create a playlist on Sporcle, you need to verify the email address you used during registration. Go to your Sporcle Settings to finish the process.

Report this User

Report this user for behavior that violates our Community Guidelines.

Details: